zpět

Detail výsledku týmu

Tenis Pub Lužánky, Brno

Datum a čas kvízu

20.5 Celkem bodů Celkový počet nahraných bodů na tomto kvízu bez doplňovacích otázek.
7. Pořadí na kvízu Konečné umístění týmu na tomto kvízu.

Zaznamenané odpovědi

# Otázka Odpověď Body Výsledky
1. O konfliktu prezidenta Pavla s... D 0
2. Která velká evropská země schv... Francie 1
3. Lístek na premiéru tohoto film... Melania 1
4. Který známý šéfkuchař oznámil... Emanuele Ridi 0
5. Brankář Anatolij Trubin v posl... Benfica Lisabon 1
6. Na obrázku níže můžete vidět d... Drákula a Frankenstein 0.5
7. Co by to bylo za hororové téma... C 0
8. Ze které (převážně videoherní)... Silent Hill 0
9. Přiřaďte herce a herečky k jej... 1C 2D 3B 4A 0
10. Čím je inspirován česko-americ... D 0